000 00672nam a2200169 a 4500
008 080221s1991 ||||||||||||||||| || u
020 _a0821316354
050 _aIBRD(08)DPC
100 _aGreeley, Martin
245 1 0 _aPostharvest technologies: implecations for food policy analysis
260 _aWashington, D. C.
_bWorld Bank
_c1991
300 _av, 81p. : ill.
350 _a0.00
490 _aDevelopment Policy Case Series
650 _aGRAIN TRADE--BAGLADESH: GRAIN--POSTHARVEST TECHNOLOGY--BANGLADESH
995 _D0.00
_FCBU-MAIN LIBRARY (Kitwe)
_H1
_I0.00
_M1
_UAVAILABLE
_WFeb 21, 2008
_ZInternational Publications
999 _c54070
_d54070